|
|
|
|
| LEADER |
01058nam a2200301 a 4500 |
| 001 |
EBC588264 |
| 003 |
MiAaPQ |
| 005 |
20200520144314.0 |
| 006 |
m o d | |
| 007 |
cr cn||||||||| |
| 008 |
101014s2009 ii a s 000 0 eng d |
| 020 |
|
|
|z 9788183186650
|
| 035 |
|
|
|a (MiAaPQ)EBC588264
|
| 035 |
|
|
|a (Au-PeEL)EBL588264
|
| 035 |
|
|
|a (CaPaEBR)ebr10415454
|
| 035 |
|
|
|a (OCoLC)700919099
|
| 040 |
|
|
|a MiAaPQ
|c MiAaPQ
|d MiAaPQ
|
| 050 |
|
4 |
|a HF5429
|b .C48 2009
|
| 100 |
1 |
|
|a Chunawalla, S. A.
|
| 245 |
1 |
0 |
|a Contours of retailing management
|h [electronic resource] /
|c S.A. Chunawalla.
|
| 250 |
|
|
|a Rev. ed.
|
| 260 |
|
|
|a Mumbai :
|b Himalaya Pub. House,
|c 2009.
|
| 300 |
|
|
|a 202 p. :
|b ill.
|
| 533 |
|
|
|a Electronic reproduction. Ann Arbor, MI : ProQuest, 2015. Available via World Wide Web. Access may be limited to ProQuest affiliated libraries.
|
| 650 |
|
0 |
|a Retail trade
|x Management.
|
| 655 |
|
4 |
|a Electronic books.
|
| 710 |
2 |
|
|a ProQuest (Firm)
|
| 856 |
4 |
0 |
|u https://ebookcentral.proquest.com/lib/matrademy/detail.action?docID=588264
|z Click to View
|